Quizzes
Events
Quiz Creation
Community
Videos
Private Events
Remove Ads
Sign In
Join for FREE
Feedback
Dark Mode
Quiz Categories
Sports
Geography
Music
Movies
Television
Just For Fun
Miscellaneous
History
Literature
Language
Science
Gaming
Entertainment
Religion
Holiday
For Kids
Quiz Lab
Recent
Popular Today
Quiz Kudos Today
Editor Picks
Curator Picks
Quizzes by...
Day
Popularity
Type
Ratings
Length
Year
Community
Subscriptions
Recent Discussions
Orange Saloon
Badges
Playlists
Quests
Create
Leaderboards
Showdown
Live 5
Trivia Bingo
Activity
Puzzle Library
Sporcle Events
Private Events
Virtual Trivia
Globe League
Become a Host
Pub Owners
SporcleCon
Opinionation
Our Games
Videos
Blog
Mobile Apps
Partnerships
Remove Ads and Go Orange
Feedback
Television
TV Characters
TV Show
Sitcom
Network
Friends
Reality Shows
Cast
South Park
Star Trek
The Simpsons
Doctor Who
Television
TV Characters
TV Show
Sitcom
Network
Friends
Reality Shows
Cast
South Park
Star Trek
The Simpsons
Doctor Who
Random Quiz
Search Sporcle
×
Featured
Featured
Television
Cast
Type answers that correspond to images
Type answers that correspond to images
Picture Box
Best Score? Go Orange.
Who's Missing on TV? Stats
Can you name which character is missing from these well known television lineups?
By
Pilgab
5m
16 Questions
21.2K Plays
21,228 Plays
21,228 Plays
Comments
Comments
Give Quiz Kudos
Give Quiz Kudos
-
- Ratings
hide this ad
Replay
Link that replays current quiz
Next Quiz
Link to next quiz in quiz playlist
You Got
0%
They Got
Avg Score
59%
Avg Friend Score
Upgrade to see
Score Distribution
Jump to the score distribution portion of the page
Score
0/16
Timer
05:00
2
Plays Today
% Correct
Phoebe Buffay
87.9%
Maggie Simpson
87.4%
Peter Griffin
75.4%
Cosmo Kramer
74.1%
Penny
72.8%
Al Bundy
64.8%
Huey
64.1%
Charlie Harper
63%
% Correct
Rose Nylund
60%
Stan Marsh
59.9%
Robin Scherbatsky
53.8%
B.A. Baracus
53.3%
Carrie Bradshaw
52.2%
Bubbles
38.1%
Jill or Kris Munroe
21.6%
Drogon
17.1%
Quiz Playlist
Details
Report
Send in Message
Add To Playlist
Picture Box:
Type answers that correspond to images
Last Updated: Jul 5, 2019
Featured
Editor Pick in
Television
Quiz Scoreboard
CHALLENGE
Sign Up to Join the Scoreboard
Show All
Scores
Hide
Comments
May contain spoilers
Recently Published
9x9 Crossword: Cartoon Network
by jackfrog10
Miscellaneous
3m
College Basketball Coaching Resumes
by pancakes188
Sports
9m
Billboard Blitz: Fleetwood Mac
by CooCooCachoo
Music
15s
More to Explore
Quiz From the Vault
Featured Blog Post
Where Did the Easter Bunny Come From?
hide this ad
You Might Also Like...
Tags
Cast Quiz
Sitcom Quiz
TV Characters Quiz
TV Show Quiz
Today's Top Quizzes in Television
Browse Television
hide this ad
Today's Top Quizzes in Cast
Browse Cast
Top Contributed Quizzes in Television
1
5-to-1: The Simpsons Families
2
5-to-1: Television Doctors
3
7-to-1: TV Show Settings
4
Adjectives in 00s TV Shows
5
Adjectives in 80s TV Shows
6
5-to-1: Streaming Originals
7
Adjectives in 10s TV Shows
8
Survivor Seasons
9
One Piece Logic Puzzle
10
All US Survivor Seasons in Order
Explore More
Trending Topics
NBA
Anime
Disney
Harry Potter
Marvel
Kpop
Crossword
Song
NFL
Soccer
The Office
Puzzle
WWE
Country
Pokémon
hide this ad
More By:
Pilgab
Quiz
Plays
Rating
Category
Featured
Created
20th Century Wars in Order
199,613
3.69
History
Jan 25, 2019
Animal Spelling Bee
189,727
4.34
Language
Aug 8, 2019
Disney Spelling Bee
181,341
4.05
Movies
Aug 22, 2019
Rubik's Cube Colors
160,534
4.56
Gaming
Nov 8, 2018
10 Most Spoken Languages of Europe
124,919
4.34
Language
Jun 29, 2020
Go to Creator's Profile
Score Distribution
Quiz Creator Spotlight
Pilgab
Follow
Send a Message
Quizzes Created
-
Created Quiz Play Count
-
More By This Creator
Popular Quizzes Today
1
Find the US States - No Outlines Minefield
2
Find the Countries of Europe - No Outlines Minefield
3
The Countries of the World
4
Find the US States
5
Risky Map Clicking: Biggest States A-Z
6
US States
7
Popular People in 1961
8
Movies - When Are They Set?
More Television Quizzes
Actors in a Comedy & Drama Series III
Published
Trending Quizzes
Risky Map Clicking: Least Populous States A-Z
1-10 Letter G Words
1-10 Letter F Words
Risky Map Clicking: Next State Alphabetically
Adjectives in 80s TV Shows
Recently Updated
Leaping Animals
pecheneg
Reality TV Shows (A-Z)
bhenderson79
Rickey Henderson's Hall of Fame Teammates
pecheneg
Champions League XIs: Arsenal
pecheneg
Quick Pick: Celebrities in WWE's Hall of Fame
aduchscher
A-Z Keypad Blitz II
pecheneg
Multiple Oscar Actors
pecheneg
Mystery Phrase Blitz: Oscar 'Best Actors'
pecheneg
F. Scott Fitzgerald Novels
LTH
Pick 3 Villains
ddd62291
Trending Topics
Anime
Marvel
Crossword
Harry Potter
Kpop
Disney
NBA
Song
Country
Soccer
WWE
The Office
Pokémon
Puzzle
NFL
Your Account Isn't Verified!
In order to create a playlist on Sporcle, you need to verify the email address you used during registration. Go to your
Sporcle Settings
to finish the process.
Report this User
Report this user for behavior that violates our
Community Guidelines
.
Details:
Send Report
Go to the Sporcle.com Mobile Site →
Comments